Plan de negocios de oficina de consultoría y administración de proyectos de obra mecánica enfocada en construcción sostenible
Guardado en:
| Hovedforfatter: | |
|---|---|
| Format: | Bog |
| Sprog: | Spanish |
| Udgivet: |
[San José ], Costa Rica
2010
|
| Fag: | |
| Tags: |
Tilføj Tag
Ingen Tags, Vær først til at tagge denne postø!
|
MARC
| LEADER | 00000nam a22000007a 4500 | ||
|---|---|---|---|
| 003 | 013016 | ||
| 005 | 20221231144424.0 | ||
| 008 | 190408b2010 cr a|||| m||| 00| ||spa d | ||
| 040 | |c cru CEDI | ||
| 090 | |a TFG 8166 | ||
| 100 | |9 8968 |a Salas Moya, Laura E. | ||
| 245 | |a Plan de negocios de oficina de consultoría y administración de proyectos de obra mecánica enfocada en construcción sostenible | ||
| 260 | |a [San José ], Costa Rica |c 2010 | ||
| 300 | |a xi, 98, [29] hojas : ilustraciones a color | ||
| 500 | |a Tesis (posgrado en ingeniería civil con énfasis en administración de la construcción)--Universidad de Costa Rica. Sistema de Estudios de Posgrado | ||
| 650 | |x CONSTRUCCION SOSTENIBLE |x CONSULTORES DE EMPRESAS |x PLANIFICACION EMPRESARIAL |x NEGOCIOS |x INDUSTRIA DE LA CONSTRUCCION |x ASPECTOS AMBIENTALES |x CONSTRUCCION |x PLANIFICACION |x CONTRATOS Y ESPECIFICACIONES |x PLANIFICACION ESTRATEGICA |x ADMINISTRACION |9 16360 | ||
| 942 | |c TFG | ||
| 999 | |c 21659 |d 21659 | ||
